Cities in Victoria - Statistics

General Stats
  • This quiz has been taken 29 times
  • The average score is 29 of 50
Answer Stats
Number Population Answer % Correct
1 4,196,201 Melbourne
100%
3 93,761 Ballarat
96%
4 92,384 Bendigo
96%
2 157,103 Geelong
96%
6 46,194 Shepparton - Mooroopna
92%
9 33,445 Mildura
88%
7 35,131 Wodonga
88%
23 12,902 Echuca
85%
10 30,707 Warrnambool
81%
5 54,455 Melton
77%
17 15,062 Moe - Newborough
77%
8 34,425 Sunbury
77%
28 10,603 Swan Hill
77%
11 25,482 Traralgon
77%
14 17,303 Bacchus Marsh
73%
22 12,950 Bairnsdale
73%
19 13,540 Morwell
73%
20 13,507 Sale
73%
16 15,630 Horsham
69%
15 16,942 Torquay - Jan Juc
69%
12 18,567 Wangaratta
69%
21 13,327 Lara
65%
29 10,059 Portland
65%
40 6,924 Ararat
62%
25 11,890 Colac
62%
44 5,842 Seymour
62%
18 14,274 Warragul
62%
30 9,933 Castlemaine
58%
38 7,495 Maryborough
58%
32 9,296 Benalla
54%
33 8,892 Hamilton
54%
13 18,208 Ocean Grove - Barwon Heads
54%
45 5,521 Stawell
54%
50 4,944 Cowes
50%
26 11,889 Drouin
50%
47 5,117 Leongatha
42%
42 6,071 Lakes Entrance
38%
34 8,521 Wallan
38%
24 12,483 Drysdale - Clifton Springs
35%
35 8,483 Healesville
35%
39 6,953 Kilmore
35%
36 7,917 Wonthaggi
35%
37 7,847 Yarrawonga
35%
43 5,899 Kyabram
31%
41 6,883 Portarlington - St Leonards
31%
46 5,376 Cobram
23%
48 5,066 Inverloch
15%
49 4,997 Bannockburn
8%
31 9,822 Gisorne
8%
27 11,882 Leopold
8%
No matching quizzes found
Score Distribution
Percent of People with Each Score
Percentile by Number Answered
Your Score History
You have not taken this quiz